000
00319nmm a2200133 a 4500
003
AR-BaBNM
005
20251128203122.0
008
223119s1912 ||||||||||||||000 | spa||
040
_c
AR-BaBNM
245
1
0
_a
Colección de historiadores de Chile
_n
22
260
_a
[S.l.]
_b
Cervantes
_c
1912
942
_c
BK
998
_c
Rhizi
999
_c
1988
_d
1988